00573nam a2200193Ia 450000500170000000800410001702000220005804000190008004100120009908200150011110000220012624500440014825000110019226000530020330000420025650400500029865000210034885000100036920230406092636.0131103s9999 xx 000 0 und d a333778219cRs 315 aLoreto College aEnglish a338.5bKOU aKoutsoyiannis, A. aModern MicroeconomicscA. Koutsoyiannis a2nd ed aLondonbMacmillan Press Ltdc1979 (2nd rep 2003) axvii,581p, graphs, charts etc. 24 cm. aIncludes bibliographical references and index aMicroeconomics  aLCLIB